| 000 | 02593cam a22005654i 4500 | ||
|---|---|---|---|
| 003 | PE-LiUPU | ||
| 005 | 20250731173515.0 | ||
| 008 | 150706s r 000 0 d | ||
| 020 | _a9505735316 | ||
| 035 | _a(Sirsi) i9789505735310 | ||
| 040 |
_aPE-LiUPU _bspa _cPE-LiUPU _erda |
||
| 049 | _aPRUA | ||
| 050 | 4 |
_aBV4447 _b.A55 1995 |
|
| 082 | 0 | 4 |
_a267.626732 _bA47 _221 |
| 082 | 0 | 4 |
_a268 _bA43 1995 |
| 100 | 1 |
_aAllen, Malcolm J., _eautor. |
|
| 245 | 1 | 1 |
_a¿Conducción divina o presión mundana? : _bel ministerio joven en la Iglesia Adventista / _cMalcolm J. Allen. |
| 250 | _a1a edición. | ||
| 264 | 1 |
_aBuenos Aires : _bAsociación Casa Editora Sudamericana, _c1995. |
|
| 300 |
_a166 páginas ; _c20 centímetros |
||
| 336 |
_atext _2rdacontent |
||
| 337 |
_aunmediated _2rdamedia |
||
| 338 |
_avolume _2rdacarrier |
||
| 505 | 0 | _aDeclaración de misión del ministerio joven de los dventista del séptimo día.- El ministerio joven y el mensaje de Elías.- El fundamento bíblico del ministerio joven adventista. | |
| 526 | _aSEG42 | ||
| 526 | _aSEG41 | ||
| 526 | _aSEG40 | ||
| 526 | _aSEG39 | ||
| 526 | _aP94 | ||
| 526 | _aP87 | ||
| 526 | _aP86 | ||
| 526 | _aP85 | ||
| 526 | _aP77 | ||
| 526 | _aP76 | ||
| 526 | _aP35 | ||
| 541 | _g0012-00000258; | ||
| 650 | 0 | 4 |
_aAdventistas del séptimo día _xTrabajo con jóvenes. |
| 650 | 0 | 4 |
_aJóvenes _xSociedades y clubes. |
| 910 |
_agl _d20110901 |
||
| 942 |
_2ddc _cBOOK |
||
| 949 |
_a268 A47 _wDEWEY _c1 _i41562 _f2017-2-14 _g1 _lCCODEBUL1 _mBUL _r0 _sY _tBOOK _u2015-6-16 _xTEOLOGIA _PP35 _0COMPRA _o.STAFF. Colección General |
||
| 949 |
_a286.732 A47 _wDEWEY _c1 _i63563 _lCIA _mBWL _p9.00 _r1 _sY _tBOOK _u2015-7-6 _xWHITE _zUNKNOWN _o.STAFF. Colección General |
||
| 949 |
_a286.732 A47 _wDEWEY _c1 _iFT01159 _lCCODEBUT1 _mBUT _p{Dolar}9.00 _r1 _sY _tBOOK _u02018-06-65 _xBIBLIOTECA _zUNKNOWN _o.STAFF. Colección General Tarapoto |
||
| 994 |
_aC0 _bPEPRU |
||
| 596 | _a1 2 4 | ||
| 999 |
_a268 A47 _wDEWEY _c59230 _i41562 _d59230 _e2018-4-2 _f2021-11-10 _g5 _lCCODEBUL1 _mBUL _n1 _q4 _r0 _sY _tBOOK _u2015-6-16 _xTEOLOGIA _PP35 _0COMPRA _o.STAFF. Colección General |
||
| 999 |
_a267.626732 A47 _wDEWEY _c1 _iCW63563 _f2021-12-22 _g2 _lCCODECWL1 _mBWL _p9.00 _r0 _sY _tBOOK _u2015-7-6 _xWHITE _zUNKNOWN _o.STAFF. Centro White |
||
| 999 |
_a268 A43 1995 _wATDEWEY _c1 _iFT01159 _f2019-2-20 _g1 _lCCODEBUT1 _mBUT _p9.00 _r0 _sY _tBOOK _u2018-6-5 _xBIBLIOTECA _zUNKNOWN _0DONACION _o.STAFF. Colección general |
||
| 980 |
_81 _gALBERTO SANCHEZ Responsable de Automatización |
||